| 000 | 01165cam a2200229 4500 | ||
|---|---|---|---|
| 001 | ##L135596 | ||
| 008 | 061113n2006 000 0 eng u | ||
| 035 | _a(Sirsi) u135596 | ||
| 041 | 0 | _aeng | |
| 050 | 0 | 4 | _a333.33 $2 18 |
| 110 | 2 |
_aKing Sturge _93877 |
|
| 245 | 0 | 0 |
_aKing Sturge residential bulletin _b October 2006 |
| 260 |
_aLondon _bKing Sturge _c2006 |
||
| 490 | 0 |
_aKing Sturge Residential Bulletin _vOctober 2006 |
|
| 520 | _aPresents research on the prime Central London residential market including demand and supply and also the development market. Prime Central London annual price growth reached 27.9% in September and quarterly price growth 8.7% which was the strongest rate in 2006. Flat prices rose by 22.7% whilst house prices increased by 33.7% in the year to September. Lists property market news in brief. Graph and table. | ||
| 590 | _aIKA141106 | ||
| 650 | 2 | 4 | _aKING STURGE RESIDENTIAL BULLETIN |
| 651 | 4 | _aGREAT BRITAIN | |
| 690 | _aPROPERTY-RESIDENTIAL PROPERTY-RESIDENTIAL PROPERTY MARKET | ||
| 856 | 4 | 0 |
_uhttps://www.kingsturge.co.uk _zView the bulletin free of charge after free registration at www.kingsturge.co.uk |
| 942 | _n0 | ||
| 999 |
_c106104 _d106104 |
||